[Event "Torquay Rowena Challengers"]
[Site "Torquay"]
[Date "2019.09.03"]
[Round "3"]
[White "Bolt, Graham"]
[Black "Ingham, H William"]
[Result "1-0"]
[WhiteElo "1972"]
[BlackElo "1841"]
[PlyCount "85"]
[EventDate "2019.09.01"]
[EventType "swiss"]
[EventRounds "7"]
[EventCountry "ENG"]
[SourceTitle "CBM 192 Extra"]
[Source "Chessbase"]
[SourceDate "2019.11.06"]
[SourceVersion "1"]
[SourceVersionDate "2019.11.06"]
[SourceQuality "1"]

1. Nf3 d5 2. g3 Nf6 3. Bg2 e6 4. 0-0 c6 5. d3 Be7 6. Nbd2 Nbd7 7. b3 0-0 8. Bb2 e5 9. Nxe5 Nxe5 10. Bxe5 Re8 11. Bb2 Bc5 12. h3 Bf5 13. Nf3 h6 14. c4 d4 15. b4 Bxb4 16. Bxd4 Qe7 17. e4 Be6 18. Qc2 Bc5 19. Rab1 Bxd4 20. Nxd4 Rad8 21. Nxe6 fxe6 22. e5 Nh7 23. h4 Qc7 24. c5 Nf8 25. Qc3 Ng6 26. d4 Ne7 27. Rfd1 Nd5 28. Qb3 Re7 29. Rb2 Rdd7 30. Rdb1 Qd8 31. Qc2 Qe8 32. Bxd5 cxd5 33. Qa4 a6 34. Rb6 Qg6 35. Qb3 Qf5 36. Qe3 Rf7 37. R1b2 Qg4 38. Kg2 Rfe7 39. Qd3 Qh5 40. c6 bxc6 41. Rxc6 g5 42. Rb8+ Kg7 43. Rcc8 1-0

[Event "Shropshire op"]
[Site "Telford"]
[Date "2019.01.05"]
[Round "2"]
[White "Bolt, Graham"]
[Black "Gonda, Laszlo"]
[Result "0-1"]
[WhiteElo "1980"]
[BlackElo "2531"]
[PlyCount "172"]
[EventDate "2019.01.04"]
[EventType "swiss"]
[EventRounds "5"]
[EventCountry "ENG"]
[SourceTitle "CBM 188 Extra"]
[Source "ChessBase"]
[SourceDate "2019.02.26"]
[SourceVersion "1"]
[SourceVersionDate "2019.02.26"]
[SourceQuality "1"]

1. Nf3 d5 2. g3 Bg4 3. Bg2 e6 4. d3 Nf6 5. Nbd2 c6 6. 0-0 Be7 7. c4 Nbd7 8. b3 0-0 9. Bb2 a5 10. a3 Bd6 11. Re1 Re8 12. e4 dxe4 13. dxe4 e5 14. Qc2 Qb6 15. Bc3 Bc5 16. Nf1 Bd4 17. b4 axb4 18. axb4 Rxa1 19. Rxa1 Bxc3 20. Qxc3 Nxe4 21. Qb2 Bxf3 22. Bxf3 Ng5 23. Bg2 Ne6 24. Ne3 Nd4 25. h4 h6 26. Ra5 Qc7 27. c5 b6 28. cxb6 Nxb6 29. Qa2 Rb8 30. Nc2 Nb5 31. Na3 Nxa3 32. Rxa3 Nd5 33. Bxd5 cxd5 34. Ra8 d4 35. b5 d3 36. Rxb8+ Qxb8 37. Qd5 d2 38. Qxd2 Qxb5 39. Qd8+ Kh7 40. Qe7 Qd5 41. Qb4 Qd1+ 42. Kg2 Qd5+ 43. Kg1 Qf3 44. Qb6 e4 45. Qc6 Qd1+ 46. Kg2 Qe2 47. Qb6 f5 48. Qe6 Qg4 49. Qe8 Qf3+ 50. Kg1 f4 51. h5 fxg3 52. Qg6+ Kg8 53. fxg3 Qf7 54. Qxe4 Qxh5 55. Kg2 Kf7 56. Qb7+ Kg6 57. Qc6+ Kh7 58. Qe4+ Qg6 59. Qc4 Qf5 60. Qc6 h5 61. Qb6 Qe4+ 62. Kh2 h4 63. Qf2 hxg3+ 64. Kxg3 Kg6 65. Kh2 Qe5+ 66. Kg2 Qf5 67. Qd4 Qg5+ 68. Kh2 Kh5 69. Qd1+ Kh6 70. Qd6+ Kh7 71. Qd7 Qf4+ 72. Kg2 Qe4+ 73. Kh2 Kg6 74. Qd6+ Kf7 75. Qc7+ Qe7 76. Qf4+ Qf6 77. Qc7+ Kg6 78. Qg3+ Kh5 79. Qb8 Qf2+ 80. Kh3 Qe3+ 81. Kh2 Qh6 82. Qf8 Kg4+ 83. Kg2 Qd2+ 84. Kg1 Qe1+ 85. Kg2 Qg3+ 86. Kh1 Qf3+ 0-1

[Event "Guernsey op 44th"]
[Site "Vale"]
[Date "2018.10.26"]
[Round "6"]
[White "Bolt, Graham"]
[Black "Havenaar, Jan"]
[Result "1/2-1/2"]
[WhiteElo "1994"]
[BlackElo "2043"]
[PlyCount "60"]
[EventDate "2018.10.21"]
[EventType "swiss"]
[EventRounds "7"]
[EventCountry "GCI"]
[SourceTitle "CBM 187 Extra"]
[Source "ChessBase"]
[SourceDate "2018.11.04"]
[SourceVersion "1"]
[SourceVersionDate "2018.11.04"]
[SourceQuality "1"]

1. Nf3 Nf6 2. g3 g6 3. Bg2 Bg7 4. 0-0 0-0 5. c4 d6 6. Nc3 e5 7. d4 Nc6 8. dxe5 Nxe5 9. Nxe5 dxe5 10. Bg5 Qxd1 11. Rfxd1 c6 12. h3 Re8 13. Rac1 Be6 14. Na4 Nd7 15. b3 f5 16. Be3 Bf8 17. Rc2 Be7 18. Bd2 Kf7 19. Bc1 Red8 20. Bb2 e4 21. Rcd2 Bb4 22. Nc3 Ba5 23. Kf1 Bc7 24. Nb1 Ke7 25. Ba3+ Kf7 26. Bd6 Bxd6 27. Rxd6 Ke7 28. R6d2 Nf6 29. Rxd8 Rxd8 30. Rxd8 Kxd8 1/2-1/2

[Event "Torquay Paignton op"]
[Site "Torquay"]
[Date "2018.09.04"]
[Round "3"]
[White "Bolt, Graham"]
[Black "Benson, Paul J"]
[Result "1-0"]
[WhiteElo "2011"]
[BlackElo "1927"]
[PlyCount "97"]
[EventDate "2018.09.02"]
[EventType "swiss"]
[EventRounds "7"]
[EventCountry "ENG"]
[SourceTitle "CBM 186 Extra"]
[Source "ChessBase"]
[SourceDate "2018.08.24"]
[SourceVersion "1"]
[SourceVersionDate "2018.08.24"]
[SourceQuality "1"]

1. Nf3 f5 2. d3 Nc6 3. e4 e5 4. Nc3 Nf6 5. Be2 Bb4 6. 0-0 Bxc3 7. bxc3 d6 8. exf5 0-0 9. d4 Bxf5 10. dxe5 Nxe5 11. Nxe5 dxe5 12. Bc4+ Kh8 13. Qe2 Qe7 14. a4 a5 15. Re1 Nd7 16. Ba3 c5 17. Rab1 b6 18. Bb5 Rab8 19. f3 Nf6 20. Qxe5 Qxe5 21. Rxe5 Bxc2 22. Rb2 Bg6 23. c4 Bf7 24. Re1 Rfd8 25. Rbe2 Rd4 26. Bb2 Rxc4 27. Bxc4 Bxc4 28. Re7 b5 29. Bxf6 gxf6 30. axb5 Bxb5 31. Ra7 a4 32. Rb1 c4 33. Rxa4 Bxa4 34. Rxb8+ Kg7 35. Rc8 Bb3 36. Kf2 Kg6 37. Ke3 h5 38. g3 Kf5 39. Rc5+ Kg6 40. h4 Kh6 41. Kd4 Kg7 42. Rxc4 Bxc4 43. Kxc4 Kf7 44. Kd4 Kg6 45. Ke4 Kf7 46. Kf5 Kg7 47. g4 hxg4 48. fxg4 Kf7 49. h5 1-0

[Event "Blackpool op 42nd"]
[Site "Blackpool"]
[Date "2018.03.11"]
[Round "5"]
[White "Owen, Dennis P"]
[Black "Bolt, Graham"]
[Result "1/2-1/2"]
[WhiteElo "1985"]
[BlackElo "2016"]
[PlyCount "165"]
[EventDate "2018.03.09"]
[EventType "swiss"]
[EventRounds "5"]
[EventCountry "ENG"]
[SourceTitle "CBM 183 Extra"]
[Source "ChessBase"]
[SourceDate "2018.04.19"]
[SourceVersion "1"]
[SourceVersionDate "2018.04.19"]
[SourceQuality "1"]

1. d4 g6 2. c4 Bg7 3. Nc3 d6 4. Nf3 c6 5. e3 Nd7 6. Be2 Ngf6 7. 0-0 0-0 8. Qc2 Re8 9. b3 a6 10. Bb2 b5 11. a4 b4 12. Nb1 a5 13. Nbd2 Ba6 14. Rfe1 Rc8 15. Rac1 e5 16. dxe5 dxe5 17. e4 c5 18. Nf1 Bb7 19. N3d2 Bh6 20. Bf3 Nb8 21. Ne3 Bxe3 22. fxe3 Qe7 23. Nf1 Rcd8 24. Ng3 Bc8 25. h3 Nc6 26. Nh1 Rd6 27. Rcd1 Red8 28. Rxd6 Rxd6 29. Rd1 Qd8 30. Rxd6 Qxd6 31. Nf2 Be6 32. Qd3 Qxd3 33. Nxd3 Nd7 34. Be2 f6 35. Bc1 Nd8 36. Ne1 Nf7 37. Nf3 Nb6 38. Nd2 Nc8 39. Bd3 Ncd6 40. Bb2 Bc8 41. Kf2 Bb7 42. h4 h5 43. g3 Nh6 44. Ke2 Kf7 45. Kf3 Ke6 46. Bc1 f5 47. Bc2 Ng4 48. Ke2 fxe4 49. Nf1 Kf6 50. Ke1 g5 51. Bd1 gxh4 52. Bxg4 hxg4 53. gxh4 Nf5 54. Kf2 Nxh4 55. Kg3 Kg5 56. Bb2 Nf5+ 57. Kg2 Kf6 58. Bc1 Bc8 59. Ng3 Nh4+ 60. Kf2 Bf5 61. Bb2 Nf3 62. Nf1 Bg6 63. Kg3 Kg5 64. Ba1 Kf5 65. Bb2 Ne1 66. Ba1 Nd3 67. Nd2 Ne1 68. Nf1 Nf3 69. Bb2 Bf7 70. Ba1 Be6 71. Bb2 Ne1 72. Ba1 Nc2 73. Bb2 Na3 74. Nd2 Bf7 75. Kh4 g3 76. Kxg3 Bh5 77. Kf2 Nc2 78. Nf1 Bf3 79. Nd2 Bd1 80. Nf1 Bf3 81. Nd2 Bh1 82. Nf1 Bf3 83. Nd2 1/2-1/2

[Event "Gibraltar Masters 16th"]
[Site "Caleta"]
[Date "2018.02.01"]
[Round "10"]
[White "Bolt, Graham"]
[Black "Sajjadi, Kimiya"]
[Result "1/2-1/2"]
[WhiteElo "2094"]
[BlackElo "1911"]
[PlyCount "87"]
[EventDate "2018.01.23"]
[EventType "swiss"]
[EventRounds "10"]
[EventCountry "GGB"]
[SourceTitle "CBM 183"]
[Source "ChessBase"]
[SourceDate "2018.03.14"]
[SourceVersion "1"]
[SourceVersionDate "2018.03.14"]
[SourceQuality "1"]

1. Nf3 Nf6 2. g3 g6 3. Bg2 Bg7 4. 0-0 d5 5. d3 0-0 6. Nbd2 Nbd7 7. c4 c6 8. Rb1 e5 9. b4 Re8 10. e4 dxe4 11. dxe4 c5 12. a3 b6 13. Re1 Bb7 14. Qc2 Rc8 15. Bb2 Qc7 16. h3 Nf8 17. Rbc1 N6d7 18. Nf1 Ne6 19. Ne3 Nd4 20. Qb1 Bh6 21. Rcd1 Bg7 22. Nd5 Qd6 23. b5 Nf8 24. h4 Nfe6 25. Bc1 Nxf3+ 26. Bxf3 Nd4 27. Bg2 Rcd8 28. Qd3 Bc8 29. f3 h5 30. a4 Bb7 31. Bd2 Kh7 32. Ra1 Bc8 33. a5 Bb7 34. axb6 axb6 35. Ra7 Bxd5 36. exd5 Rd7 37. Rea1 Ree7 38. Rxd7 Rxd7 39. Ra3 Re7 40. Qf1 Qb8 41. Kh2 Ra7 42. Ra6 Rxa6 43. bxa6 Qa7 44. f4 1/2-1/2

[Event "Gibraltar Masters 16th"]
[Site "Caleta"]
[Date "2018.01.28"]
[Round "6"]
[White "Bolt, Graham"]
[Black "Cherigui, Mourad"]
[Result "0-1"]
[WhiteElo "2094"]
[BlackElo "1892"]
[PlyCount "72"]
[EventDate "2018.01.23"]
[EventType "swiss"]
[EventRounds "10"]
[EventCountry "GGB"]
[SourceTitle "CBM 183"]
[Source "ChessBase"]
[SourceDate "2018.03.14"]
[SourceVersion "1"]
[SourceVersionDate "2018.03.14"]
[SourceQuality "1"]

1. Nf3 Nf6 2. g3 g6 3. Bg2 Bg7 4. 0-0 d5 5. d4 0-0 6. c4 c6 7. Nc3 e6 8. b3 b6 9. cxd5 Nxd5 10. Nxd5 exd5 11. Bf4 Nd7 12. Rc1 Bb7 13. b4 Re8 14. Re1 Rc8 15. e4 Rxe4 16. Rxe4 dxe4 17. Ng5 Nf6 18. Be5 e3 19. fxe3 Nd5 20. Bf4 Nxf4 21. gxf4 Qe7 22. Qb3 Re8 23. Bxc6 Bxc6 24. Rxc6 Bxd4 25. Kg2 Bxe3 26. Qc4 b5 27. Qxb5 Bxf4 28. Nf3 Qe2+ 29. Qxe2 Rxe2+ 30. Kh3 h5 31. Kh4 Rf2 32. Rc3 Rxa2 33. h3 Ra4 34. Rb3 Bd6 35. Kg5 Kg7 36. h4 f6# 0-1

[Event "Gibraltar Masters 16th"]
[Site "Caleta"]
[Date "2018.01.26"]
[Round "4"]
[White "Perez, Flavio"]
[Black "Bolt, Graham"]
[Result "1-0"]
[WhiteElo "2279"]
[BlackElo "2094"]
[PlyCount "119"]
[EventDate "2018.01.23"]
[EventType "swiss"]
[EventRounds "10"]
[EventCountry "GGB"]
[SourceTitle "CBM 183"]
[Source "ChessBase"]
[SourceDate "2018.03.14"]
[SourceVersion "1"]
[SourceVersionDate "2018.03.14"]
[SourceQuality "1"]

1. e4 g6 2. d4 Bg7 3. Nc3 d6 4. Nge2 Nd7 5. g3 c5 6. Bg2 cxd4 7. Nxd4 Ngf6 8. 0-0 0-0 9. h3 a6 10. a4 Rb8 11. Re1 Re8 12. Kh2 Qc7 13. Ra3 Ne5 14. f4 Nc4 15. Ra2 e5 16. Nde2 exf4 17. gxf4 Bd7 18. b3 Nb6 19. a5 Nc8 20. Qd3 Bc6 21. Rd1 Ra8 22. Nd4 Bd7 23. Nce2 Na7 24. c4 Nc6 25. Bd2 Nxd4 26. Nxd4 Rab8 27. Bb4 Bf8 28. Bc3 Bg7 29. Bb4 Bf8 30. Be1 Nh5 31. Rf2 Be7 32. Bc3 Bf8 33. Ne2 Qc5 34. Rff1 b5 35. axb6 Qxb6 36. b4 Bc6 37. Bf3 Bg7 38. Bxh5 Rxe4 39. Bxg7 Re3 40. Qd4 gxh5 41. Rf2 Bd7 42. Qxb6 Rxh3+ 43. Kg2 Rxb6 44. Bc3 Bg4 45. Rc1 Rc6 46. Be1 Rd3 47. Ng1 Rd4 48. c5 dxc5 49. bxc5 h4 50. Rf1 Rd5 51. Bf2 Rg6 52. Kh2 Rd2 53. c6 h3 54. Rc3 Bf5 55. Nxh3 Rh6 56. c7 Bxh3 57. Rxh3 Rc6 58. Rg1+ Kf8 59. Rg2 Rxc7 60. Bc5+ 1-0

[Event "Torquay op 51st"]
[Site "Torquay"]
[Date "2017.11.11"]
[Round "3"]
[White "Wells, Jonathan C"]
[Black "Bolt, Graham"]
[Result "1-0"]
[WhiteElo "2003"]
[BlackElo "2094"]
[PlyCount "71"]
[EventDate "2017.11.10"]
[EventType "swiss"]
[EventRounds "5"]
[EventCountry "ENG"]
[SourceTitle "EXT 2022"]
[Source "ChessBase"]
[SourceDate "2021.10.06"]
[SourceVersion "1"]
[SourceVersionDate "2021.10.06"]
[SourceQuality "1"]

1. d4 g6 2. Nf3 Bg7 3. g3 d6 4. Bg2 Nd7 5. 0-0 e5 6. e4 exd4 7. Nxd4 Ngf6 8. c4 0-0 9. Nc3 Nc5 10. Re1 Re8 11. Nb3 Nxb3 12. axb3 a6 13. Be3 Ng4 14. Bd4 Ne5 15. h3 h5 16. f4 Nc6 17. Bf2 Bd7 18. Qd2 a5 19. Rad1 Qc8 20. Kh2 Nb8 21. Nd5 Bc6 22. Nc3 Na6 23. Nd5 Nb8 24. Nc3 b6 25. Bd4 Bxd4 26. Qxd4 Qb7 27. g4 h4 28. Nd5 Bxd5 29. exd5 Nd7 30. Qf2 Nc5 31. Qxh4 Qc8 32. f5 Rxe1 33. Rxe1 Qf8 34. fxg6 fxg6 35. Qg5 Kh8 36. Re7 1-0

[Event "London Classic op U2050-B 8th"]
[Site "London"]
[Date "2016.12.16"]
[Round "5"]
[White "Bolt, Graham"]
[Black "Barton, R Alan"]
[Result "1/2-1/2"]
[WhiteElo "2038"]
[BlackElo "2024"]
[PlyCount "51"]
[EventDate "2016.12.12"]
[EventType "swiss"]
[EventRounds "5"]
[EventCountry "ENG"]
[SourceTitle "EXT 2019"]
[Source "ChessBase"]
[SourceDate "2018.10.10"]
[SourceVersion "1"]
[SourceVersionDate "2018.10.10"]
[SourceQuality "1"]

1. c4 e5 2. Nc3 Bb4 3. Qc2 Nf6 4. a3 Bxc3 5. Qxc3 d6 6. g3 0-0 7. Bg2 Nc6 8. Nf3 h6 9. 0-0 Bf5 10. d3 Qd7 11. b4 Bh3 12. Re1 Bxg2 13. Kxg2 Rae8 14. e4 Nh5 15. b5 Ne7 16. d4 Ng6 17. h3 f5 18. dxe5 dxe5 19. Qd2 Qc8 20. Qd5+ Kh8 21. exf5 Qxf5 22. Qe4 Qf7 23. Be3 b6 24. Rad1 Re6 25. Rd2 Nf6 26. Qc2 1/2-1/2

[Event "London Classic op U2050-B 8th"]
[Site "London"]
[Date "2016.12.15"]
[Round "4"]
[White "Rogers, Timothy"]
[Black "Bolt, Graham"]
[Result "0-1"]
[WhiteElo "2033"]
[BlackElo "2038"]
[PlyCount "69"]
[EventDate "2016.12.12"]
[EventType "swiss"]
[EventRounds "5"]
[EventCountry "ENG"]
[SourceTitle "EXT 2019"]
[Source "ChessBase"]
[SourceDate "2018.10.10"]
[SourceVersion "1"]
[SourceVersionDate "2018.10.10"]
[SourceQuality "1"]

1. e4 g6 2. d4 Bg7 3. Nc3 d6 4. f3 Nc6 5. Nge2 e5 6. d5 Nce7 7. g4 c6 8. Ng3 cxd5 9. Nxd5 Nxd5 10. Qxd5 a6 11. Be3 Ne7 12. Qd2 Be6 13. 0-0-0 Nc6 14. Qxd6 Qa5 15. Qa3 Qxa3 16. bxa3 0-0 17. Kb1 Rfc8 18. h4 Nd4 19. Bxd4 exd4 20. Ne2 Rd8 21. Nf4 Rac8 22. Rh2 Rd6 23. Nxe6 Rxe6 24. Rd3 Rc3 25. Rxc3 dxc3 26. Bc4 Rb6+ 27. Bb3 a5 28. Kc1 Be5 29. Re2 Rf6 30. Rf2 Bg3 31. Rf1 Bxh4 32. f4 Bg3 33. f5 g5 34. Kd1 Be5 35. Rh1 0-1

[Event "Torquay op 48th"]
[Site "Torquay"]
[Date "2014.11.16"]
[Round "4"]
[White "Bolt, Graham"]
[Black "Stephens, John KF"]
[Result "1-0"]
[WhiteElo "2001"]
[BlackElo "1983"]
[PlyCount "84"]
[EventDate "2014.11.14"]
[EventType "swiss"]
[EventRounds "5"]
[EventCountry "ENG"]
[SourceTitle "EXT 2022"]
[Source "ChessBase"]
[SourceDate "2021.10.06"]
[SourceVersion "1"]
[SourceVersionDate "2021.10.06"]
[SourceQuality "1"]

1. g3 g6 2. Bg2 Bg7 3. Nc3 c5 4. d3 Nc6 5. Nf3 d6 6. Rb1 Nf6 7. 0-0 0-0 8. a3 e5 9. b4 Rb8 10. bxc5 dxc5 11. Ng5 Bd7 12. Nce4 Nxe4 13. Nxe4 Qe7 14. c4 Nd4 15. Nc3 Bc6 16. a4 Bxg2 17. Kxg2 f5 18. e3 Ne6 19. Nd5 Qd7 20. Bb2 f4 21. exf4 exf4 22. f3 fxg3 23. hxg3 Bxb2 24. Rxb2 Nd4 25. Rbf2 Rbe8 26. Re1 Re6 27. Rxe6 Qxe6 28. Qd2 b6 29. Qd1 Kg7 30. Nf4 Qe5 31. Nd5 g5 32. f4 gxf4 33. Qg4+ Kh8 34. Nxf4 Rg8 35. Qh3 Nf5 36. Ng6+ Rxg6 37. Rxf5 Qe2+ 38. Rf2 Qxd3 39. Qh4 Qd6 40. Rf7 Qd2+ 41. Kf3 Qd3+ 42. Kf2 Rc6 1-0

[Event "Torquay op 48th"]
[Site "Torquay"]
[Date "2014.11.15"]
[Round "2"]
[White "Bolt, Graham"]
[Black "MacReamoinn, Brian"]
[Result "1-0"]
[WhiteElo "2001"]
[BlackElo "1882"]
[PlyCount "47"]
[EventDate "2014.11.14"]
[EventType "swiss"]
[EventRounds "5"]
[EventCountry "ENG"]
[SourceTitle "EXT 2022"]
[Source "ChessBase"]
[SourceDate "2021.10.06"]
[SourceVersion "1"]
[SourceVersionDate "2021.10.06"]
[SourceQuality "1"]

1. g3 e5 2. Bg2 Nc6 3. d3 Bc5 4. e3 d6 5. a3 a5 6. b3 Ba7 7. Bb2 Nh6 8. Nc3 Nf5 9. Qd2 Bd7 10. Nf3 g5 11. h3 h5 12. 0-0-0 f6 13. g4 Ng7 14. Nh2 h4 15. f4 Ne6 16. fxg5 fxg5 17. Rhf1 Ne7 18. Bd5 c6 19. Bxe6 Bxe6 20. Ne4 Nd5 21. Rde1 Qb6 22. Nxd6+ Kd7 23. Nc4 Qc5 24. Nxe5+ 1-0

[Event "Guernsey op 40th"]
[Site "Vale"]
[Date "2014.10.25"]
[Round "7"]
[White "Hess, Christian"]
[Black "Bolt, Graham"]
[Result "1/2-1/2"]
[WhiteElo "2185"]
[BlackElo "1981"]
[PlyCount "95"]
[EventDate "2014.10.19"]
[EventType "swiss"]
[EventRounds "7"]
[EventCountry "GCI"]
[SourceTitle "EXT 2016"]
[Source "ChessBase"]
[SourceDate "2015.10.08"]
[SourceVersion "1"]
[SourceVersionDate "2015.10.08"]
[SourceQuality "1"]

1. Nf3 g6 2. e4 Bg7 3. d4 d6 4. Be2 Nd7 5. c4 c5 6. Nc3 cxd4 7. Nxd4 Ngf6 8. Be3 0-0 9. 0-0 Nc5 10. f3 a6 11. Qd2 Rb8 12. Rfd1 Ne6 13. Rac1 Nxd4 14. Bxd4 Be6 15. b3 Nd7 16. Be3 Re8 17. Bf1 Qa5 18. Nd5 Qxd2 19. Rxd2 Rbc8 20. Kf2 h5 21. g3 Kh7 22. Nf4 Nc5 23. Nxe6 Nxe6 24. Bh3 Rc6 25. Ke2 Nf8 26. b4 b6 27. a4 Rb8 28. b5 axb5 29. axb5 Rc7 30. Ra2 Nd7 31. Bxd7 Rxd7 32. Ra6 Rdb7 33. Rc2 e6 34. Rd2 Bf6 35. Bf4 e5 36. Be3 Be7 37. Rd5 Kg7 38. Kd3 Kf8 39. f4 f6 40. h3 Ke8 41. Kc3 Kd7 42. Kb3 Kc7 43. Ra2 Rf8 44. Rf2 Ra7 45. Bd2 Ra1 46. Bb4 Rb1+ 47. Kc3 Rc1+ 48. Kb3 1/2-1/2